London Borough Logos - Statistics

General Stats
  • This quiz has been taken 74 times
  • The average score is 24 of 32
Answer Stats
Picture Answer % Correct
Kingston upon Thames
98%
Westminster
97%
Richmond upon Thames
89%
Brent
84%
Kensington and Chelsea
84%
Greenwich
83%
Barnet
81%
Croydon
81%
Southwark
81%
Merton
80%
Ealing
78%
Enfield
78%
Newham
78%
Hammersmith and Fulham
73%
Redbridge
73%
Tower Hamlets
73%
Barking and Dagenham
72%
Havering
70%
Hillingdon
70%
Islington
70%
Waltham Forest
70%
Bromley
69%
Camden
69%
Hackney
67%
Haringey
67%
Hounslow
67%
Wandsworth
67%
Sutton
66%
Lambeth
64%
Bexley
61%
Lewisham
61%
Harrow
59%
No matching quizzes found
Score Distribution
Percent of People with Each Score
Percentile by Number Answered
Your Score History
You have not taken this quiz